[Event "Manaus zt 2.4"]
[Site "Manaus"]
[Date "2013.05.01"]
[Round "7"]
[White "De Arruda, Filho Ivo Pereira"]
[Black "Zimmermann, Kleber Renato P"]
[Result "0-1"]
[WhiteElo "1795"]
[BlackElo "1984"]
[PlyCount "136"]
[EventDate "2013.04.27"]
[EventType "swiss"]
[EventRounds "9"]
[EventCountry "BRA"]
[SourceTitle "CBM 154 Extra"]
[Source "ChessBase"]
[SourceDate "2013.06.25"]
[SourceVersion "2"]
[SourceVersionDate "2013.06.25"]
[SourceQuality "1"]

1. Nf3 Nf6 2. d4 g6 3. g3 Bg7 4. Bg2 0-0 5. 0-0 c5 6. e3 d6 7. b3 Nc6 8. Bb2 cxd4 9. exd4 Bg4 10. Re1 e6 11. Na3 d5 12. h3 Bxf3 13. Bxf3 Rc8 14. c3 a6 15. Nc2 b5 16. a4 Qb6 17. Ba3 Rfd8 18. Bc5 Qb7 19. axb5 axb5 20. Nb4 Nxb4 21. cxb4 Ra8 22. Ra5 Nd7 23. Rxa8 Rxa8 24. Qd3 Nxc5 25. dxc5 Ra2 26. Be2 Rb2 27. Rb1 Rxb1+ 28. Qxb1 Bc3 29. Qc2 d4 30. Bd3 Bxb4 31. c6 Qc7 32. Bxb5 Ba5 33. Qc4 Bb6 34. Kg2 h5 35. b4 Qe5 36. Qe2 Qd6 37. Qc4 h4 38. Qd3 hxg3 39. Qxg3 Qd5+ 40. Kg1 Qd8 41. Bd3 Bc7 42. Qg2 Qd6 43. b5 Qf4 44. Bf1 e5 45. Bd3 Qc1+ 46. Qf1 Qg5+ 47. Qg2 Qc1+ 48. Qf1 Qf4 49. Qg2 Kg7 50. Qe4 Qxe4 51. Bxe4 f5 52. Bd5 e4 53. Kf1 Kf6 54. f3 Ke5 55. fxe4 fxe4 56. Bf7 g5 57. Bg6 d3 58. Ke1 Kd4 59. Bh5 e3 60. Kd1 Ba5 61. Bg4 Kc4 62. Bf3 Kxb5 63. Bg4 Kxc6 64. Bf3+ Kd6 65. Bg4 Ke5 66. Bh5 Kf4 67. Bg4 Kg3 68. Bh5 Kf2 0-1

[Event "Manaus zt 2.4"]
[Site "Manaus"]
[Date "2013.04.30"]
[Round "5"]
[White "De Arruda, Filho Ivo Pereira"]
[Black "Ferreira, Jose Carlos"]
[Result "1/2-1/2"]
[WhiteElo "1795"]
[BlackElo "1912"]
[PlyCount "51"]
[EventDate "2013.04.27"]
[EventType "swiss"]
[EventRounds "9"]
[EventCountry "BRA"]
[SourceTitle "CBM 154 Extra"]
[Source "ChessBase"]
[SourceDate "2013.06.25"]
[SourceVersion "2"]
[SourceVersionDate "2013.06.25"]
[SourceQuality "1"]

1. Nf3 Nf6 2. d4 g6 3. e3 Bg7 4. Be2 d6 5. 0-0 0-0 6. c4 Nbd7 7. Nc3 c6 8. Qc2 e5 9. Rd1 a6 10. e4 Qe7 11. d5 c5 12. a4 h6 13. a5 Nh7 14. Be3 Ng5 15. Na4 f5 16. exf5 Nxf3+ 17. Bxf3 gxf5 18. Be2 f4 19. Bd2 Rb8 20. Nc3 Nf6 21. Qg6 Bd7 22. Bd3 Be8 23. Qf5 Bd7 24. Qg6 Be8 25. Qf5 Bd7 26. Qg6 1/2-1/2

[Event "Joao Pessoa op 4th"]
[Site "Joao Pessoa"]
[Date "2013.03.16"]
[Round "3"]
[White "De Arruda, Filho Ivo Pereira"]
[Black "De Moura Filho, Eny Nobrega"]
[Result "1-0"]
[WhiteElo "1797"]
[BlackElo "1622"]
[PlyCount "71"]
[EventDate "2013.03.15"]
[EventType "swiss"]
[EventRounds "6"]
[EventCountry "BRA"]
[SourceTitle "CBM 153 Extra"]
[Source "ChessBase"]
[SourceDate "2013.04.22"]
[SourceVersion "1"]
[SourceVersionDate "2013.04.22"]
[SourceQuality "1"]

1. f4 g6 2. Nf3 d6 3. g3 Bg7 4. Bg2 e5 5. fxe5 dxe5 6. e4 Nc6 7. 0-0 Nf6 8. d3 0-0 9. Bg5 Nd4 10. Nxe5 Re8 11. Nc4 h6 12. Bxf6 Bxf6 13. c3 Ne6 14. Qf3 Kg7 15. e5 Ng5 16. Qxf6+ Kh7 17. Qxd8 Rxd8 18. d4 Rb8 19. h4 Bh3 20. hxg5 Bxg2 21. Kxg2 Rf8 22. gxh6 b5 23. Na5 Kxh6 24. Nd2 Kg7 25. Ne4 Rbd8 26. Nc6 Ra8 27. Rf6 a6 28. Raf1 Rae8 29. Ng5 Kh6 30. Nxf7+ Kg7 31. Ng5 Rh8 32. Rf7+ Kh6 33. Ne4 g5 34. g4 Re6 35. d5 Rg6 36. Rh1# 1-0

[Event "BRA-ch Amateur"]
[Site "Sao Paulo"]
[Date "2013.02.10"]
[Round "4"]
[White "De Arruda, Filho Ivo Pereira"]
[Black "Pinto, Rendrex Lopes"]
[Result "0-1"]
[WhiteElo "1802"]
[BlackElo "1946"]
[PlyCount "90"]
[EventDate "2013.02.09"]
[EventType "swiss"]
[EventRounds "7"]
[EventCountry "BRA"]
[SourceTitle "CBM 152 Extra"]
[Source "ChessBase"]
[SourceDate "2013.02.25"]
[SourceVersion "1"]
[SourceVersionDate "2013.02.25"]
[SourceQuality "1"]

1. Nf3 Nf6 2. d4 c5 3. e3 cxd4 4. exd4 g6 5. g3 Bg7 6. Bg2 0-0 7. 0-0 d6 8. Re1 Nc6 9. c3 e5 10. dxe5 dxe5 11. Qa4 Re8 12. Nbd2 Qc7 13. Ne4 Nxe4 14. Rxe4 Bf5 15. Re1 Qb6 16. Qb3 Qxb3 17. axb3 a5 18. Be3 Be6 19. Nd2 f5 20. Bb6 e4 21. Bf1 Ne5 22. Bxa5 Bh6 23. f4 exf3 24. Rxe5 Bxd2 25. Bb5 Bd7 26. Rxe8+ Bxe8 27. Bxe8 Be3+ 28. Kf1 Rxe8 29. Rd1 b6 30. Bb4 g5 31. c4 Kf7 32. Rd7+ Kf6 33. Bc3+ Kg6 34. Rg7+ Kh5 35. Rxh7+ Kg4 36. Be1 f4 37. h3+ Kf5 38. g4+ Ke4 39. Rd7 Rh8 40. Re7+ Kd3 41. Rd7+ Kc2 42. h4 gxh4 43. Bc3 Ra8 44. Re7 Ra1+ 45. Be1 f2 0-1

[Event "BRA-ch Amateur"]
[Site "Sao Paulo"]
[Date "2013.02.09"]
[Round "2"]
[White "De Arruda, Filho Ivo Pereira"]
[Black "Branchini, Fernando Luis Sakam"]
[Result "0-1"]
[WhiteElo "1802"]
[BlackElo "1976"]
[PlyCount "104"]
[EventDate "2013.02.09"]
[EventType "swiss"]
[EventRounds "7"]
[EventCountry "BRA"]
[SourceTitle "CBM 152 Extra"]
[Source "ChessBase"]
[SourceDate "2013.02.25"]
[SourceVersion "1"]
[SourceVersionDate "2013.02.25"]
[SourceQuality "1"]

1. Nf3 Nf6 2. d4 g6 3. e3 Bg7 4. g3 0-0 5. Bg2 d5 6. 0-0 b6 7. Nbd2 Bb7 8. b3 c5 9. a4 Nc6 10. Ba3 Ne4 11. Bb2 Rc8 12. Nxe4 dxe4 13. Ne5 Nxe5 14. dxe5 Qc7 15. c4 Rfd8 16. Qc2 Bxe5 17. Rad1 f5 18. Rd2 Rxd2 19. Qxd2 Bxb2 20. Qxb2 Rd8 21. h4 Qd6 22. Bh3 Qf6 23. Qc2 Rd3 24. Bg2 Qc3 25. Qxc3 Rxc3 26. Rb1 Kf7 27. Rb2 Bc6 28. Bf1 Rc1 29. Kg2 e5 30. Be2 f4 31. gxf4 exf4 32. exf4 e3+ 33. Bf3 Bxf3+ 34. Kxf3 exf2 35. Kxf2 Rc3 36. Rd2 Ke6 37. Re2+ Kf6 38. Rd2 Rxb3 39. Rd7 Rb4 40. Rxa7 Rxc4 41. Ra6 Kf5 42. Kg3 Rxf4 43. Rxb6 Rxa4 44. Rb7 Ra3+ 45. Kg2 h5 46. Rc7 Kg4 47. Rxc5 Kxh4 48. Rc2 g5 49. Kh2 g4 50. Kg1 g3 51. Rc5 Kg4 52. Rc4+ Kh3 0-1

[Event "BRA-ch sf-A"]
[Site "Guarapari"]
[Date "2012.11.03"]
[Round "6"]
[White "De Arruda, Filho Ivo Pereira"]
[Black "Andor, Jorge"]
[Result "0-1"]
[WhiteElo "1849"]
[BlackElo "1869"]
[PlyCount "126"]
[EventDate "2012.11.01"]
[EventType "swiss"]
[EventRounds "7"]
[EventCountry "BRA"]
[SourceTitle "EXT 2013"]
[Source "ChessBase"]
[SourceDate "2012.11.22"]
[SourceVersion "1"]
[SourceVersionDate "2012.11.22"]
[SourceQuality "1"]

1. Nf3 c5 2. e4 d6 3. d3 g6 4. g3 Bg7 5. Bg2 Nc6 6. 0-0 e6 7. c3 Nge7 8. Na3 a6 9. Be3 0-0 10. Qd2 b5 11. Bh6 Rb8 12. Bxg7 Kxg7 13. Rfe1 Bb7 14. Rad1 Qc7 15. d4 Rbd8 16. d5 exd5 17. exd5 Nb8 18. Ng5 h6 19. Nh3 Nf5 20. Nc2 Rde8 21. Ne3 Bc8 22. Nf4 Re7 23. Re2 Rfe8 24. Rde1 Nxe3 25. Rxe3 Bf5 26. h3 h5 27. Rxe7 Rxe7 28. Re3 Qd8 29. Qe2 Kf8 30. f3 Rxe3 31. Qxe3 Qe7 32. Kf2 Nd7 33. g4 hxg4 34. Qxe7+ Kxe7 35. fxg4 Bb1 36. a3 g5 37. Ne2 Nb6 38. b3 Kf6 39. Ke3 Ke5 40. Kd2 Bg6 41. Ng3 Nxd5 42. Ne2 Be4 43. Bf1 Nf4 44. Ke3 Bd3 45. Nxf4 Bxf1 46. Nh5 Bxh3 47. Kf3 f5 48. gxf5 Bxf5 49. Ke3 a5 50. Ng3 d5 51. b4 axb4 52. axb4 cxb4 53. cxb4 d4+ 54. Kd2 Bg6 55. Ne2 Kd5 56. Ng1 g4 57. Ne2 Kc4 58. Kd1 Be4 59. Kd2 Bf3 60. Nc1 g3 61. Ke1 Kxb4 62. Nd3+ Kc3 63. Ne5 Be4 0-1

[Event "BRA-ch sf-A"]
[Site "Guarapari"]
[Date "2012.11.02"]
[Round "4"]
[White "De Arruda, Filho Ivo Pereira"]
[Black "Marques, Joham Matheus"]
[Result "1/2-1/2"]
[WhiteElo "1849"]
[BlackElo "1761"]
[PlyCount "93"]
[EventDate "2012.11.01"]
[EventType "swiss"]
[EventRounds "7"]
[EventCountry "BRA"]
[SourceTitle "EXT 2013"]
[Source "ChessBase"]
[SourceDate "2012.11.22"]
[SourceVersion "1"]
[SourceVersionDate "2012.11.22"]
[SourceQuality "1"]

1. Nf3 Nf6 2. d4 d5 3. e3 c6 4. Bd3 Bg4 5. Nbd2 Nbd7 6. 0-0 e5 7. dxe5 Nxe5 8. Be2 Nxf3+ 9. Nxf3 Bd6 10. h3 Bh5 11. c4 0-0 12. cxd5 Nxd5 13. e4 Nf4 14. Bxf4 Bxf4 15. g3 Bc7 16. Qxd8 Raxd8 17. Rad1 Rfe8 18. Rxd8 Rxd8 19. Rd1 Rxd1+ 20. Bxd1 Kf8 21. g4 Bg6 22. Bc2 f6 23. Nh4 Bf7 24. b3 g6 25. Kg2 Ke7 26. Nf3 Bf4 27. Ne1 a5 28. Nd3 Bc7 29. f4 g5 30. fxg5 fxg5 31. Kf3 h5 32. a4 hxg4+ 33. hxg4 Kf6 34. Ke3 Be6 35. Bd1 Bb6+ 36. Kd2 Bd4 37. Kc2 b5 38. axb5 cxb5 39. Kd2 a4 40. bxa4 bxa4 41. Bxa4 Bxg4 42. Ne1 Ke5 43. Kd3 Bh5 44. Bc2 g4 45. Bd1 Bg6 46. Bxg4 Bxe4+ 47. Ke2 1/2-1/2

[Event "Brasilia Oeste op"]
[Site "Brasilia"]
[Date "2012.10.14"]
[Round "7"]
[White "De Arruda, Filho Ivo Pereira"]
[Black "Rezende, Guilherme Vilela"]
[Result "0-1"]
[WhiteElo "1871"]
[BlackElo "2046"]
[PlyCount "56"]
[EventDate "2012.10.11"]
[EventType "swiss"]
[EventRounds "7"]
[EventCountry "BRA"]
[SourceTitle "EXT 2013"]
[Source "ChessBase"]
[SourceDate "2012.11.22"]
[SourceVersion "1"]
[SourceVersionDate "2012.11.22"]
[SourceQuality "1"]

1. Nf3 c5 2. e3 d5 3. d4 Nf6 4. Nbd2 e6 5. c3 Be7 6. Bd3 Nbd7 7. 0-0 b6 8. Re1 Bb7 9. e4 dxe4 10. Nxe4 Nxe4 11. Bxe4 Bxe4 12. Rxe4 Nf6 13. Re1 0-0 14. Bg5 Qc7 15. dxc5 Qxc5 16. Qc2 Rfd8 17. Rad1 Rd5 18. Rxd5 Qxd5 19. c4 Qc5 20. Be3 Qc7 21. Bg5 Rc8 22. b3 b5 23. Bxf6 gxf6 24. Nd2 f5 25. Re3 Bf6 26. Qd3 Rd8 27. Rg3+ Kf8 28. Qe3 f4 0-1

[Event "Brasilia Oeste op"]
[Site "Brasilia"]
[Date "2012.10.13"]
[Round "5"]
[White "Correa, Lorenna Martins"]
[Black "De Arruda, Filho Ivo Pereira"]
[Result "0-1"]
[WhiteElo "1725"]
[BlackElo "1871"]
[PlyCount "80"]
[EventDate "2012.10.11"]
[EventType "swiss"]
[EventRounds "7"]
[EventCountry "BRA"]
[SourceTitle "EXT 2013"]
[Source "ChessBase"]
[SourceDate "2012.11.22"]
[SourceVersion "1"]
[SourceVersionDate "2012.11.22"]
[SourceQuality "1"]

1. d4 Nf6 2. c4 g6 3. Nc3 Bg7 4. e4 d6 5. Nf3 0-0 6. Be2 e5 7. 0-0 Nc6 8. d5 Ne7 9. Nd2 Ne8 10. b4 f5 11. c5 Nf6 12. f3 f4 13. Nc4 a6 14. a4 g5 15. Ba3 Ne8 16. b5 h5 17. b6 g4 18. bxc7 Qxc7 19. cxd6 Nxd6 20. Bxd6 Qd8 21. fxg4 Bd7 22. gxh5 Rc8 23. Rc1 Rxc4 24. Bxe7 Qxe7 25. Bxc4 Qc5+ 26. Kh1 Qxc4 27. Qe2 Qc8 28. Nb5 Qd8 29. Nc7 Qf6 30. Qc4 Rc8 31. Qb4 b5 32. axb5 axb5 33. d6 Kh8 34. Nd5 Rxc1 35. Rxc1 Qg5 36. Rc7 Qg4 37. Qc5 f3 38. gxf3 Qxf3+ 39. Kg1 Bh3 40. Qf2 Qd1+ 0-1

[Event "Brasilia Oeste op"]
[Site "Brasilia"]
[Date "2012.10.12"]
[Round "2"]
[White "Schossler, Daniel de Azevedo"]
[Black "De Arruda, Filho Ivo Pereira"]
[Result "1-0"]
[WhiteElo "1962"]
[BlackElo "1871"]
[PlyCount "94"]
[EventDate "2012.10.11"]
[EventType "swiss"]
[EventRounds "7"]
[EventCountry "BRA"]
[SourceTitle "EXT 2013"]
[Source "ChessBase"]
[SourceDate "2012.11.22"]
[SourceVersion "1"]
[SourceVersionDate "2012.11.22"]
[SourceQuality "1"]

1. b3 e5 2. Bb2 d6 3. e3 Nf6 4. c4 g6 5. Nf3 Bg7 6. d4 exd4 7. Nxd4 0-0 8. Be2 Nbd7 9. Nc3 Re8 10. 0-0 Nc5 11. Qc2 Ne6 12. Nf3 b6 13. Rfd1 Bb7 14. Nd5 Bxd5 15. cxd5 Nc5 16. b4 Ncd7 17. Rac1 Qe7 18. Bb5 Red8 19. Ba6 Ne5 20. Nxe5 dxe5 21. Qc4 Ne8 22. a3 Rab8 23. Qe2 Rd6 24. Bb5 Nf6 25. e4 a5 26. bxa5 bxa5 27. a4 Rdb6 28. Bc3 Ra8 29. Qe1 Rxb5 30. axb5 a4 31. Ba5 Qd7 32. Bxc7 Qxb5 33. Bxe5 a3 34. f3 a2 35. Qc3 Nh5 36. Bxg7 Nxg7 37. d6 Ne6 38. d7 Qb6+ 39. Kh1 Rd8 40. Qf6 Qb3 41. f4 Rf8 42. f5 Nd8 43. h4 Qa4 44. h5 gxh5 45. Rd3 h4 46. Rh3 Qxe4 47. Rxh4 Qe2 1-0

[Event "Brasilia Oeste op"]
[Site "Brasilia"]
[Date "2012.10.11"]
[Round "1"]
[White "De Arruda, Filho Ivo Pereira"]
[Black "Rodrigues da Silva, Evandro"]
[Result "0-1"]
[WhiteElo "1871"]
[BlackElo "2187"]
[PlyCount "80"]
[EventDate "2012.10.11"]
[EventType "swiss"]
[EventRounds "7"]
[EventCountry "BRA"]
[SourceTitle "EXT 2013"]
[Source "ChessBase"]
[SourceDate "2012.11.22"]
[SourceVersion "1"]
[SourceVersionDate "2012.11.22"]
[SourceQuality "1"]

1. Nf3 d5 2. d4 Nf6 3. e3 Bg4 4. Bd3 e6 5. Nbd2 Nbd7 6. c3 Bd6 7. 0-0 0-0 8. e4 dxe4 9. Nxe4 Be7 10. Bf4 Nxe4 11. Bxe4 Nf6 12. Bc2 Rc8 13. Qd3 c5 14. Rfe1 Qb6 15. dxc5 Bxc5 16. Qe2 Rfd8 17. Red1 Bxf3 18. gxf3 Rd5 19. Rxd5 Nxd5 20. Bg3 g6 21. Bb3 Nf6 22. Rd1 Nh5 23. Qd2 Nxg3 24. hxg3 Kg7 25. Kg2 h5 26. Qd7 Rc7 27. Qd2 Rc6 28. Qe2 Bd6 29. f4 Rc5 30. Qd3 Be7 31. Qd4+ Bf6 32. Qd6 Rc6 33. Qd3 Rc5 34. Qd7 Rc7 35. Qd3 Qc6+ 36. f3 Qb6 37. Qd6 Rc6 38. Qd3 a5 39. Rd2 Qc7 40. Qd7 Qb6 0-1

[Event "Recife Arraes Memorial 5th"]
[Site "Recife"]
[Date "2012.09.07"]
[Round "3"]
[White "Azevedo Junior, Jose Ferreira"]
[Black "De Arruda, Filho Ivo Pereira"]
[Result "1-0"]
[WhiteElo "2056"]
[BlackElo "1890"]
[PlyCount "81"]
[EventDate "2012.09.06"]
[EventType "swiss"]
[EventRounds "7"]
[EventCountry "BRA"]
[SourceTitle "EXT 2013"]
[Source "ChessBase"]
[SourceDate "2012.11.22"]
[SourceVersion "1"]
[SourceVersionDate "2012.11.22"]
[SourceQuality "1"]

1. d4 Nf6 2. c4 g6 3. Nc3 Bg7 4. Nf3 d6 5. e3 Nbd7 6. Be2 b6 7. 0-0 Bb7 8. b3 0-0 9. Bb2 Re8 10. Qc2 e5 11. dxe5 Nxe5 12. Nd2 Neg4 13. Rad1 Qe7 14. Bf3 Qe5 15. g3 Bxf3 16. Nxf3 Qh5 17. h4 Nd7 18. Nd5 Ngf6 19. Kg2 Rac8 20. Nf4 Qc5 21. Bxf6 Nxf6 22. Nd5 b5 23. Nxf6+ Bxf6 24. Rd5 Qc6 25. Rxb5 Re5 26. Rxe5 Bxe5 27. Rd1 Re8 28. Rd5 Bg7 29. Qd3 h5 30. Kh2 Re7 31. b4 Qa4 32. Qb3 Qd7 33. c5 Qg4 34. Kg2 Re4 35. cxd6 cxd6 36. Rxd6 Rxb4 37. Rd8+ Bf8 38. Qd5 Kg7 39. Qe5+ f6 40. Qc7+ Kg8 41. Qe7 1-0

[Event "Goias zt"]
[Site "Itaborai"]
[Date "2012.04.20"]
[Round "1"]
[White "De Arruda, Filho Ivo Pereira"]
[Black "Franca, Jairo Jr"]
[Result "1-0"]
[WhiteElo "1923"]
[BlackElo "1800"]
[PlyCount "89"]
[EventDate "2012.04.20"]
[EventType "swiss"]
[EventRounds "6"]
[EventCountry "BRA"]
[SourceTitle "CBM 148 Extra"]
[Source "ChessBase"]
[SourceDate "2012.06.22"]
[SourceVersion "1"]
[SourceVersionDate "2012.06.22"]
[SourceQuality "1"]

1. d4 Nf6 2. Nf3 g6 3. c4 d6 4. Nc3 Bg7 5. e4 Nc6 6. d5 Ne5 7. Nxe5 dxe5 8. Be2 0-0 9. 0-0 Re8 10. Be3 a6 11. h3 b6 12. Qc2 Bb7 13. Rad1 Qc8 14. c5 Qd8 15. c6 Bc8 16. a4 Rf8 17. b4 Ne8 18. b5 a5 19. Qb3 Nd6 20. Bd3 f5 21. exf5 Bxf5 22. Qc2 Bxd3 23. Qxd3 Kh8 24. Ne4 Nf5 25. Ng5 Rf6 26. Ne6 Qc8 27. Bg5 Rf7 28. Rfe1 Bf6 29. f4 exf4 30. Bxf4 Nd6 31. Be5 Kg8 32. Bxf6 exf6 33. Rf1 Ne8 34. Qd4 Qb8 35. Rf2 f5 36. Qh4 Nf6 37. g4 Ne4 38. Rf3 Nd6 39. Rdf1 Qe8 40. gxf5 Rxf5 41. Rxf5 Nxf5 42. Qf6 Qe7 43. Rxf5 Qc5+ 44. Nxc5 gxf5 45. Ne6 1-0

[Event "Fortaleza Brazil op 2nd"]
[Site "Fortaleza"]
[Date "2012.04.08"]
[Round "6"]
[White "De Arruda, Filho Ivo Pereira"]
[Black "Maia, Jose Eduardo Bastos"]
[Result "0-1"]
[WhiteElo "1923"]
[BlackElo "2124"]
[PlyCount "86"]
[EventDate "2012.04.05"]
[EventType "swiss"]
[EventRounds "7"]
[EventCountry "BRA"]
[SourceTitle "CBM 147 Extra"]
[Source "ChessBase"]
[SourceDate "2012.04.24"]
[SourceVersion "1"]
[SourceVersionDate "2012.04.24"]
[SourceQuality "1"]

1. Nf3 d5 2. d4 e6 3. Bf4 Nf6 4. e3 Be7 5. Bd3 0-0 6. 0-0 c5 7. c3 Nc6 8. Nbd2 a6 9. Ne5 Nxe5 10. Bxe5 Bd7 11. Nf3 c4 12. Bc2 b5 13. Bg3 Ne4 14. Nd2 Nxg3 15. hxg3 f5 16. Nf3 Qc7 17. Kh2 Bd6 18. Rh1 h6 19. Kg1 Be8 20. a3 Rb8 21. Nd2 Bg6 22. f4 Qf7 23. g4 fxg4 24. Bxg6 Qxg6 25. Rh4 h5 26. g3 a5 27. Qe1 b4 28. axb4 axb4 29. e4 bxc3 30. bxc3 Rb2 31. Rh2 Rfb8 32. Re2 Bf8 33. Ra6 Qf7 34. exd5 exd5 35. Ra1 h4 36. Kg2 hxg3 37. Kxg3 Bd6 38. Re5 Bxe5 39. dxe5 Qh5 40. Rd1 Qh3+ 41. Kf2 Rf8 42. Qe3 Qh2+ 43. Kf1 Rxf4+ 0-1